000
00264nam a22001097a 4500
008
170110b xxu||||| |||| 00| 0 eng d
020
_a
9780763711061
041
_a
eng
080
_a
618.2
245
_a
UNDERSTANDING CULTURAL DIVERSITY
_c
KELLEY, M.L
942
_2
udc
_c
BK
999
_c
2634
_d
2634